• 首页
  • 本馆介绍
  • 公告通知
  • 最新文献
  • 馆藏检索
  • 电子资源
  • 读者导购
  • 参考咨询
  • 我的图书馆
  • 登录
  • 详细信息显示
  • 放入我的书架
  • 预约/预借图书
  • 作者相关作品
  • 分类相关作品
  • 丛书相关作品
  • 出版社相关作品

书目信息

  • 表格格式
  • 工作单格式
  • 卡片格式
题名:
爱德华·肯尼迪评传
    
 
作者: 伯恩斯 著 ;辛耀文 译
分册:  
出版信息: 北京   新华出版社  1980
页数: 438页
开本: 21cm
丛书名:
单 册:
中图分类: K837.127.5 , K817.121
科图分类:
主题词: 传记
电子资源:
ISBN:
000 00737nam0 2200265 45
001 0180000601
005 20060815081157.04
010    @dCNY1.30
091    @a11203.011
100    @a19950408d1980 em y0chiy0121 ea
101 1  @achi@ceng
102    @aCN@b110000
105    @ay z 000yb
200 10 @a爱德华·肯尼迪评传@Aai de hua. ken ni di ping zhuan@f(美)伯恩斯著@g辛耀文译
210    @a北京@c新华出版社@d1980
215    @a438页@d21cm
600  1 @a肯尼迪@bE.@x传记
606 0  @a传记
690    @aK837.127.5@v3
690    @aK817.121
701  1 @a伯恩斯@Abo en si@4著
702  0 @a辛耀文@Axin yao wen@4译
801  0 @aCN@b上海图书馆@c20060815
801  2 @aCN@bNLC@c20060728
905    @f1@b38395@f2@b38393-394@dK817.121@e86
    
    爱德华·肯尼迪评传/(美)伯恩斯著/辛耀文译.-北京:新华出版社,1980
    438页;21cm
    
    
    ISBN :CNY1.30
    
●
相关链接 在E读中查询图书 在五车中查询图书 在当当中查询图书 在豆瓣中查询图书


正题名:爱德华·肯尼迪评传     索取号:K817.121/86         预约/预借

序号 登录号 条形码 馆藏地/架位号 状态 备注
1 0038392   202092494   第二样本阅览室/ [索取号:K817.121/86] 在馆    
2 0038393   001410477   第二借阅区/ [索取号:K817.121/86] 在馆    
3 0038394   001410431   密集书库/ [索取号:K817.121/86] 在馆    
4 0038395   001410397   密集书库/ [索取号:K817.121/86] 在馆    
5 0436578   204365784   密集书库/ [索取号:K817.121/86] 在馆    
6 0462645   204626459   密集书库/ [索取号:K817.121/86] 在馆    
唐山师范学院图书馆 欢迎您!
大连网信软件有限公司© 版权所有